| 000 | 01078nam0a22002651 4500 | ||
|---|---|---|---|
| 001 | v19\rc\1418396 | ||
| 005 | 20260407005334.0 | ||
| 035 | _a(NLR Aleph) 004545646 | ||
| 090 |
_a2069348 _c2069348 |
||
| 100 | _a20060512d1882 |||y0rusy50 ca | ||
| 101 | 0 | _arus | |
| 102 | _aRU | ||
| 105 | _ay z ||||| | ||
| 200 | 1 |
_aПравила для безопасного общественного и частного пользования электричеством _eПроект _eВыраб. чл. электро-динамич. секции 6-го электротехн. отдела Рус. техн. о-ва и одобрен 6 Отд. и Советом О-ва |
|
| 210 |
_a[Санкт-Петербург _d1882] |
||
| 215 | _a6 с. | ||
| 309 | _aБез тит. л. и обл. | ||
| 710 | 0 | 2 |
_aРусское техническое общество _bОтдел _c6 _3RU\NLR\AUTH\889996301 _9489689 |
| 801 | 0 |
_aRU _bNLR _gpsbo |
|
| 801 | 0 |
_aRU _bRuMoRGB _2psbo |
|
| 801 | 1 |
_aRU _bProSoft-M _2rusmarc |
|
| 852 |
_aNLR _j18.160.1.172 |
||
| 942 | _cBOOK | ||
| 980 | _aNB | ||